banner-ar

ANCIENT EGYPTIAN JEWELLERY / (Record no. 17227)

MARC details
000 -الفاتح
حقل البيانات ثابتة الطول 00420nam a2200157Ia 4500
008 - عناصر البيانات ثابتة الطول - معلومات عامة
حقل البيانات ثابتة الطول 140319s9999 xx 000 0 eng d
040 ## - مصدر الفهرسة
وكالة الفهرسة الأصلية GCL /
وكالة النسخ GCL
082 04 - رقم تصنيف ديوى العشرى
رقم التصنيف 739.270932
رقم المادة A A
100 1# - المدخل الرئيسى - إسم شخصى
الإسم الشخصى ANDREWS, CAROL
245 10 - بيان العنوان
العنوان ANCIENT EGYPTIAN JEWELLERY /
بيان المسئوليه,etc ANDREWS, CAROL
650 04 - المدخل الاضافى بالموضوع-مصطلح موضوعى
مصطلح موضوعي EGYPTIAN JEWELLERY
650 04 - المدخل الاضافى بالموضوع-مصطلح موضوعى
مصطلح موضوعي ANCIENT PERIOD
942 ## - عناصر المدخل الإضافي( كوها)
مصدر التصنيف او مخطط الترفيف Dewey Decimal Classification
Koha [default] item type كتاب
260 ## - PUBLICATION, DISTRIBUTION, ETC. (IMPRINT)
-- [S.N] :
-- BRITISH MUSUM PUBLICATIONS
Holdings
حالة التراجع حالة الفقد حالة تلف ليس للاعارة المكان المؤقت الموقع الحالى تاريخ الاكتساب اجمالي اﻻعارات رقم الطلب الباركود تاريخ اخر مشاهدة تاريخ تفعيل السعر نوع وعاء كوها
        مكتبة القاهرة الكبرى مكتبة القاهرة الكبرى 03/26/2014   739.270932\A A 31043 03/26/2014 03/26/2014 كتاب

Powered By

EGPV